Liam Payne - Strip That Down (All Lyrics) - Statistics

General Stats
  • This quiz has been taken 136 times
  • The average score is 355 of 495
Answer Stats
Answer % Correct
I
99%
You
98%
you
98%
Do
96%
that
96%
know
94%
me
94%
me)
94%
a
93%
for
93%
When
93%
when
93%
love,
92%
love
92%
Love
92%
the
92%
on
90%
on,
90%
strip
90%
love
89%
my
89%
be
88%
be)
88%
down
88%
down,
88%
to
88%
Yeah,
88%
yeah)
88%
yeah
88%
it
87%
it)
87%
no
87%
And
86%
and
86%
in
86%
in,
86%
So
86%
your
86%
I'm
82%
been
81%
body
81%
girl
81%
Girl,
81%
then
81%
(Now
80%
Now
80%
now
80%
time
80%
used
80%
(Used
80%
I've
79%
i've
79%
not
79%
People
79%
people
79%
1D
77%
one
77%
One
77%
Baby
75%
Baby,
75%
But
75%
some
75%
(That's
74%
free)
73%
hands
70%
myself
70%
of
70%
thing
70%
up
70%
up,
70%
want
70%
way
70%
just
69%
(Oh
69%
oh,
69%
Oh,
69%
taking
69%
have
68%
hit
68%
we
68%
as
67%
changing
67%
else
65%
(Get
64%
anybody
63%
eyes
63%
keeping
63%
put
63%
wanna
63%
fun
62%
well?
62%
can
61%
feel
61%
hard,
61%
dance
60%
ground,
60%
ground
60%
same
60%
Coke
58%
only
58%
out,
58%
you're
58%
come
57%
lot
57%
Quavo
57%
(Quavo)
57%
with
57%
(Grinds
56%
had
56%
crowd
55%
(Girls
55%
party
55%
there's
55%
watching
55%
bad
54%
Ferrari
54%
music's
54%
rowdy)
54%
swing
54%
(Swing
54%
walk
54%
Bacardi
52%
prize
52%
don't
51%
cards
50%
inside
50%
dealt
49%
health
49%
it's
49%
upon
49%
Huncho
48%
(Huncho)
48%
is
48%
Ain't
46%
lightly)
46%
'round
45%
where
42%
F1
40%
speed)
40%
type
40%
off
39%
heart
38%
feet
37%
key
37%
away
36%
since
36%
threw
36%
beside
35%
'bout
35%
need
35%
care
33%
day
32%
loud
31%
opened
31%
swept
31%
met
30%
money
30%
(Six-gear
27%
club
26%
She
25%
she
25%
gon'
24%
got
19%
thug,
18%
Yo, yo
17%
from
14%
nobody
14%
took
14%
around
13%
her
13%
If
11%
She's
11%
(Slippin'
11%
Five
10%
shots
10%
Word
10%
man,
8%
buzz,
7%
goes
7%
promise,
7%
pull
7%
shut
7%
slow
7%
drive
6%
make
6%
town
6%
(Yeah, yeah, yeah,yeah)
6%
(Yeah, yeah, yeah, yeah)
6%
better
5%
how
5%
knows
5%
Anything
4%
closed
4%
Woo!
2%
seal,
1%
popped
0%
No matching quizzes found
Score Distribution
Percent of People with Each Score
Percentile by Number Answered
Your Score History
You have not taken this quiz